000 00478pam a2200169 a 4500
020 _a0134729692
040 _cDLC
082 0 0 _a658 INTE 1984 C275 Or.
100 1 _aRodriguez, Rita M.,
245 1 0 _aInternational financial management /
250 _a3rd ed.
260 _aEnglewood Cliffs, N.J. :
_bPrentice-Hall,
_cc1984.
300 _axvii, 638 p. :
_bill. ;
_c24 cm.
650 0 _aInternational finance.
650 0 _aInternational business enterprises
942 _cAEDBB
999 _c21232
_d21232